1441 1360 1143 1372 1993 1888 1977 1368 1761 1300 1484 1629 1514 1010 1750 1449 1231 1020 1885 1599 1004 1882 1969 1024 1665 1937 1420 1511 1744 1515 1443 1685 1774 1049 1098 1536 1134 1084 1668 1833 1433 1482 1335 1787 1514 1573 1265 1631 1965 1698 1329 1166 1652 1567 1360 1652 1169 1646 1126 1584 1735 1597 1415 1038 1909 1442 1970 1702 1860 1941 1669 1012 1727 1343 1091 1493 1085 1827 1318 1881 1602 1465 1931 1192 1435 1010 1726 1943 1681 1305 1214 1599 1889 1800 1291 1433 1002 1464 1065 BCNSPRNW ULIB Ver.6.0+V

เปลี่ยนเป็นภาษาไทย

Change to English
 แสดงรายละเอียดบรรณานุกรม
  กลับหน้าหลัก

Brief Record : Get Marc (ISO 2709) : E-mail record : QR code < ปิดหน้าต่าง
LEADER : 00000nam 2200000uu 4500
001    13399120517
003     ULIB
008    120921s2550||||th 000 0 tha d
020    ^a9789748420592
060 04 ^aWB935^bธ321ส 2550
100 0  ^aธรรมปราโมทย์
245 10 ^aสุขภาพสำคัญที่สุด :^bธรรมชาติบำบัดกับสุขภาพ /^cรวบรวม-เรียบเรียงโดย ธรรมปราโมทย์
246 30 ^aธรรมชาติบำบัดกับสุขภาพ
260    ^aกรุงเทพฯ :^bธรรมสภา,^c2550
300    ^a323 หน้า :^bภาพประกอบ ;^c22 ซม.
650  7 ^aการรักษาด้วยธรรมชาติ
650  7 ^aการแพทย์ทางเลือก
945    ^p0^l0^i14831
995    ^aกัณชพร
999 ^a ใช้งานได้ทุกระบบ
รายการนี้ยังไม่มีแท็ก
คุณยังไม่ได้ล็อกอิน คุณสามารถมีกิจกรรมร่วมกับเว็บไซต์ได้ แต่ต้องล็อกอินก่อน ::
  ล็อกอิน

รายการสื่อสารสนเทศ

ลำดับที่ ประเภท เลขเรียก/บาร์โค้ด สถานที่ สถานะ
1. วิทยาศาสตร์การแพทย์ และสุขภาพ
วิทยาศาสตร์การแพทย์ และสุขภาพ
WB935 ธ321ส 2550  
  Barcode: 14831
ห้องสมุดวิทยาเขตสวรรค์ประชารักษ์
►ส่วนจัดเก็บหนังสือเก่า สปร
บนชั้น
  ขอยืม

รายการใกล้เคียง
    ผู้แต่ง [ธรรมปราโมทย์]

    หัวเรื่อง [การรักษาด้วยธรรมชาติ]
    หัวเรื่อง [การแพทย์ทางเลือก]

BibComment


ยังไม่เคยถูกคอมเมนท์

คอมเมนท์ทรัพยากรรายการนี้
  คอมเมนท์: สุขภาพสำคัญที่สุ..


 Copyright 2026. Bcnsprnw @Library